| 000 | 01150nam a22003017a 4500 | ||
|---|---|---|---|
| 005 | 20240530110433.0 | ||
| 008 | 150405s2011 ua g 000 0 ara d | ||
| 017 |
_a2010/11216 _bمصر . دار الكتب المصرية |
||
| 020 | _a9789774280016 | ||
| 040 | _aEG-CaGPL | ||
| 082 | 0 | 4 |
_221 _a362.042\ _bم م |
| 100 | 0 | _aمحمد ياسر الخواجة | |
| 245 | 1 | 2 |
_aالمشكلات الاجتماعية : _bرؤية نظرية و نماذج تطبيقية / _cمحمد ياسر الخواجة. |
| 250 | _aط1. | ||
| 260 |
_aالقاهرة : _bمصر العربية للنشر و التوزيع ، _c2011. |
||
| 300 |
_a271 ص ؛ _c24 سم. |
||
| 650 | 0 | 4 | _aالمشاكل الاجتماعية . |
| 650 | 0 | 4 | _aالهجرة الغير شرعية . |
| 650 | 0 | 4 |
_aالهجرة _xالمشكلات الاجتماعية |
| 650 | 0 | 4 | _aالمعاش المبكر |
| 650 | 0 | 4 |
_aالشباب _xتشغيل |
| 650 | 0 | 4 | _aالاصلاح الاجتماعى |
| 650 | 0 | 4 | _aالاخلاق ، علم |
| 650 | 0 | 4 | _aالسلوك الاجتماعى |
| 650 | 0 | 4 | _aالبطالة |
| 942 |
_2ddc _cBK |
||
| 999 |
_c60891 _d60891 |
||